[Event "Abu Dhabi Festival Open"]
[Site "Abu Dhabi UAE"]
[Date "2009.08.19"]
[Round "8"]
[White "Ghader Pour, S."]
[Black "Yousif, A."]
[Result "0-1"]
[WhiteElo "2172"]
[BlackElo "2061"]
[PlyCount "146"]
[EventDate "2009.08.12"]
[EventType "swiss"]
[EventRounds "9"]
[EventCountry "UAE"]
[Source "Mark Crowther"]
[SourceDate "2009.08.24"]

1. c4 Nf6 2. Nc3 c6 3. e4 e5 4. d4 Qa5 5. dxe5 Nxe4 6. Qd4 Bb4 7. Nge2 Nc5 8.
Rb1 Ne6 9. Qe4 Qxa2 10. Bd2 Qa5 11. Ng3 Na6 12. Nf5 Qc7 13. Be2 g6 14. Nh6 d6
15. Ng4 h5 16. Nf6+ Kf8 17. exd6 Qxd6 18. Qe3 Qd4 19. Nfe4 f5 20. Ng5 Qxe3 21.
Bxe3 Nxg5 22. Bxg5 Kf7 23. O-O Re8 24. Bd3 Nc5 25. Bc2 Be6 26. Na2 Na6 27. b3
Be7 28. Be3 Nb4 29. Nxb4 Bxb4 30. Ra1 a5 31. Bb6 a4 32. bxa4 Bxc4 33. Rfc1 Bc3
34. Rab1 Ba2 35. Bb3+ Bxb3 36. Rxb3 Bd2 37. Rd1 Rxa4 38. Be3 Bxe3 39. fxe3 Rae4
40. Kf2 b5 41. Rc1 R4e6 42. Rbc3 b4 43. Rb3 Rb8 44. Rc4 Ke7 45. Rbxb4 Rxb4 46.
Rxb4 c5 47. Rb7+ Kd6 48. g3 c4 49. Ke2 Kc6 50. Rb8 Rd6 51. Rc8+ Kb5 52. Rb8+
Kc5 53. Rc8+ Kb4 54. h3 c3 55. Rb8+ Kc4 56. Rc8+ Kb3 57. Rb8+ Kc2 58. Rc8 Rd2+
59. Ke1 Rg2 60. g4 hxg4 61. hxg4 Rxg4 62. Ke2 Rg2+ 63. Kf3 Rd2 64. Rc6 g5 65.
Rc5 g4+ 66. Kg3 Kd3 67. Kf4 Rf2+ 68. Kg3 Rf3+ 69. Kg2 Rxe3 70. Rxf5 c2 71. Rd5+
Ke2 72. Rc5 Kd2 73. Kf2 Rf3+ 0-1

[Event "Abu Dhabi Festival Open"]
[Site "Abu Dhabi UAE"]
[Date "2009.08.19"]
[Round "8"]
[White "Marwan, A."]
[Black "Ali, L."]
[Result "0-1"]
[WhiteElo "2055"]
[BlackElo "2308"]
[PlyCount "68"]
[EventDate "2009.08.12"]
[EventType "swiss"]
[EventRounds "9"]
[EventCountry "UAE"]
[Source "Mark Crowther"]
[SourceDate "2009.08.24"]

1. e4 c5 2. Nf3 Nc6 3. d4 cxd4 4. Nxd4 Nf6 5. Nc3 d6 6. Bg5 e6 7. Qd2 a6 8.
O-O-O Nxd4 9. Qxd4 Be7 10. Bxf6 gxf6 11. Kb1 b5 12. f4 Qc7 13. f5 Qc5 14. fxe6
fxe6 15. Qd2 O-O 16. h4 Bb7 17. Bd3 Rf7 18. g4 Kh8 19. Rhg1 Rg7 20. Qh6 Rg6 21.
Qd2 Qe5 22. Rde1 Rag8 23. Qd1 Bd8 24. h5 Rg5 25. Ref1 b4 26. Na4 Bc6 27. c4
Bxe4 28. Bxe4 Qxe4+ 29. Ka1 Qxc4 30. Qxd6 Rxg4 31. Qd1 f5 32. h6 Bf6 33. Rxg4
Qxg4 34. Qd6 Rd8 0-1

[Event "Abu Dhabi Festival Open"]
[Site "Abu Dhabi UAE"]
[Date "2009.08.20"]
[Round "9"]
[White "Aleksandrov, A."]
[Black "Rakhmanov, Ale"]
[Result "1-0"]
[WhiteElo "2616"]
[BlackElo "2559"]
[PlyCount "91"]
[EventDate "2009.08.12"]
[EventType "swiss"]
[EventRounds "9"]
[EventCountry "UAE"]
[Source "Mark Crowther"]
[SourceDate "2009.08.24"]

1. d4 Nf6 2. c4 g6 3. Nc3 d5 4. Qb3 dxc4 5. Qxc4 Bg7 6. e4 c6 7. Nf3 O-O 8. Be2
b5 9. Qb3 Qa5 10. e5 Be6 11. Qc2 Nd5 12. O-O Nd7 13. Ng5 Nxc3 14. bxc3 Bd5 15.
a4 f6 16. exf6 exf6 17. Nh3 Rfe8 18. Nf4 Bf7 19. Be3 bxa4 20. Rxa4 Qc7 21. Ra6
Nb6 22. c4 f5 23. g3 Red8 24. Rd1 Rd7 25. c5 Nd5 26. Nxd5 Bxd5 27. Bc4 Rc8 28.
Bf4 Qb7 29. Bd6 Bxc4 30. Qxc4+ Kh8 31. Qa2 Qa8 32. Qe6 Qb7 33. Ra3 Rdd8 34. Qa2
Ra8 35. Rb1 Qd7 36. d5 Rdc8 37. Rab3 f4 38. Rb7 Qf5 39. dxc6 fxg3 40. hxg3 Rxc6
41. Re1 Rxc5 42. Bxc5 Qxc5 43. Ree7 Qc1+ 44. Kg2 Qc6+ 45. Kh2 Rg8 46. Rxg7 1-0

[Event "Abu Dhabi Festival Open"]
[Site "Abu Dhabi UAE"]
[Date "2009.08.20"]
[Round "9"]
[White "Drozdovskij, Y."]
[Black "Anastasian, A."]
[Result "1/2-1/2"]
[WhiteElo "2620"]
[BlackElo "2566"]
[PlyCount "65"]
[EventDate "2009.08.12"]
[EventType "swiss"]
[EventRounds "9"]
[EventCountry "UAE"]
[Source "Mark Crowther"]
[SourceDate "2009.08.24"]

1. d4 d5 2. c4 dxc4 3. Nf3 Nf6 4. e3 e6 5. Bxc4 a6 6. O-O c5 7. dxc5 Qxd1 8.
Rxd1 Bxc5 9. Nbd2 Nc6 10. a3 b5 11. Be2 Bb7 12. b4 Be7 13. Bb2 O-O 14. Nb3 Rfd8
15. Rxd8+ Rxd8 16. Rc1 Nd7 17. Nfd2 Rc8 18. Bf3 f6 19. Ne4 Kf8 20. Nec5 Nxc5
21. Nxc5 Bxc5 22. Rxc5 Nd8 23. Rxc8 Bxc8 24. Be4 Kf7 25. h4 h5 26. f3 Nb7 27.
Kf2 Nd6 28. Bd3 e5 29. e4 Be6 30. Bc1 Bb3 31. Be3 Nc4 32. Bxc4+ Bxc4 33. Bc5
1/2-1/2

[Event "Abu Dhabi Festival Open"]
[Site "Abu Dhabi UAE"]
[Date "2009.08.20"]
[Round "9"]
[White "Simonian, H."]
[Black "Andriasian, Z."]
[Result "0-1"]
[WhiteElo "2520"]
[BlackElo "2585"]
[PlyCount "160"]
[EventDate "2009.08.12"]
[EventType "swiss"]
[EventRounds "9"]
[EventCountry "UAE"]
[Source "Mark Crowther"]
[SourceDate "2009.08.24"]

1. Nf3 d5 2. b3 c6 3. Bb2 Bg4 4. e3 Nd7 5. h3 Bh5 6. g4 Bg6 7. h4 h5 8. g5 e6
9. d3 Ne7 10. Nbd2 Qc7 11. Qe2 O-O-O 12. O-O-O Kb8 13. e4 Nc8 14. Kb1 Rg8 15.
Bh3 Qa5 16. a4 Bb4 17. exd5 cxd5 18. Nd4 Bc3 19. N2f3 Bxb2 20. Kxb2 Qb4 21. c3
Qd6 22. Rhe1 Rge8 23. Ne5 Nxe5 24. Qxe5 Qxe5 25. Rxe5 Ne7 26. f4 Bh7 27. f5
Nxf5 28. Bxf5 Bxf5 29. Nxf5 exf5 30. Rxf5 Rd7 31. Rdf1 Ree7 32. d4 g6 33. R5f4
Rc7 34. R1f3 Kc8 35. Kc2 Kd8 36. Kd3 Ke8 37. Rf1 Re6 38. c4 Rce7 39. cxd5 Re3+
40. Kc4 Rc7+ 41. Kb4 a5+ 42. Kxa5 Rxb3 43. d6 Rd7 44. Rf6 Rd8 45. d7+ Rxd7 46.
Rb6 Rxb6 47. Kxb6 Rxd4 48. a5 Rb4+ 49. Kc7 Rb5 50. Ra1 Ke7 51. Re1+ Kf8 52. Ra1
Kg7 53. Ra2 f6 54. gxf6+ Kxf6 55. Rf2+ Kg7 56. Ra2 g5 57. hxg5 Kg6 58. Ra1 h4
59. Ra4 Kxg5 60. Ra3 Kh5 61. Kd6 Rb2 62. Kc7 Kg4 63. Ra4+ Kg3 64. Ra3+ Kg2 65.
Ra4 h3 66. Rg4+ Kf3 67. Rh4 Kg3 68. Rh7 Rb5 69. Rg7+ Kf2 70. Rf7+ Kg2 71. Rg7+
Kh1 72. Rh7 h2 73. Rd7 Rxa5 74. Rd1+ Kg2 75. Rd2+ Kg3 76. Rd3+ Kg4 77. Rd4+ Kg5
78. Rd1 Rb5 79. Rh1 Rb2 80. Rc1 Kg4 0-1

[Event "Abu Dhabi Festival Open"]
[Site "Abu Dhabi UAE"]
[Date "2009.08.20"]
[Round "9"]
[White "Filippov, An UZB"]
[Black "Savchenko, S."]
[Result "0-1"]
[WhiteElo "2583"]
[BlackElo "2526"]
[PlyCount "68"]
[EventDate "2009.08.12"]
[EventType "swiss"]
[EventRounds "9"]
[EventCountry "UAE"]
[Source "Mark Crowther"]
[SourceDate "2009.08.24"]

1. e4 c5 2. Nf3 d6 3. d4 cxd4 4. Nxd4 Nf6 5. Nc3 a6 6. Be2 e6 7. a4 Nc6 8. Be3
Be7 9. O-O O-O 10. f4 Qc7 11. Kh1 Re8 12. Bd3 Nb4 13. a5 Bd7 14. Qf3 Rac8 15.
Qg3 Nh5 16. Qf3 Nf6 17. Qg3 Nh5 18. Qh3 Nf6 19. g4 Bc6 20. f5 exf5 21. Nxc6
Qxc6 22. Rxf5 g6 23. Rf3 Qd7 24. Rg1 Qe6 25. Ne2 Nxe4 26. Nd4 Qd5 27. Nf5 Nxd3
28. cxd3 Ng5 29. Nh6+ Kg7 30. Bxg5 Bxg5 31. Nxf7 Bf4 32. Qg2 Qxf7 33. g5 Rc5
34. Rgf1 Rf5 0-1

[Event "Abu Dhabi Festival Open"]
[Site "Abu Dhabi UAE"]
[Date "2009.08.20"]
[Round "9"]
[White "Ovetchkin, R."]
[Black "Ghaem Maghami, E."]
[Result "0-1"]
[WhiteElo "2548"]
[BlackElo "2589"]
[PlyCount "84"]
[EventDate "2009.08.12"]
[EventType "swiss"]
[EventRounds "9"]
[EventCountry "UAE"]
[Source "Mark Crowther"]
[SourceDate "2009.08.24"]

1. e4 c5 2. Nf3 d6 3. d4 cxd4 4. Nxd4 Nf6 5. Nc3 a6 6. h3 e6 7. g4 b5 8. Bg2
Bb7 9. O-O b4 10. Nd5 exd5 11. exd5 Be7 12. g5 Nfd7 13. Nc6 Qc7 14. Nxe7 Kxe7
15. Qd4 Kf8 16. Qxb4 a5 17. Qd4 Na6 18. c4 Nb4 19. Qc3 Ne5 20. a3 Nbd3 21. f4
Nxc1 22. Raxc1 Ng6 23. c5 Qxc5+ 24. Qxc5 dxc5 25. Rxc5 Nh4 26. Rc7 Nxg2 27.
Rxb7 Ne3 28. Re1 Nf5 29. Rd1 g6 30. d6 Kg7 31. d7 Rhd8 32. Kf2 Ra6 33. Kf3 Kf8
34. Rd5 a4 35. Rb4 Ra7 36. Ke2 Ng7 37. Ke3 Ke7 38. Kd4 Rdxd7 39. Rxd7+ Kxd7 40.
Kc5 Ne6+ 41. Kb6 Ra8 42. Kb7 Rc8 0-1

[Event "Abu Dhabi Festival Open"]
[Site "Abu Dhabi UAE"]
[Date "2009.08.20"]
[Round "9"]
[White "Al Tarbosh, W."]
[Black "Kengis, E."]
[Result "0-1"]
[WhiteElo "2173"]
[BlackElo "2543"]
[PlyCount "105"]
[EventDate "2009.08.12"]
[EventType "swiss"]
[EventRounds "9"]
[EventCountry "UAE"]
[Source "Mark Crowther"]
[SourceDate "2009.08.24"]

1. e4 c6 2. Nf3 g6 3. d4 Bg7 4. Nc3 d5 5. Be3 dxe4 6. Nxe4 Nd7 7. Bd3 Ngf6 8.
Nxf6+ Nxf6 9. Qd2 O-O 10. O-O-O Bg4 11. Rdg1 c5 12. dxc5 Qd5 13. Kb1 Rfd8 14.
Bh6 Be6 15. b3 Qxc5 16. Bxg7 Kxg7 17. Qe3 Qxe3 18. fxe3 Ng4 19. Rf1 Nxe3 20.
Rf2 Bd5 21. Re1 Ng4 22. Rff1 e6 23. Ng5 Rd7 24. Bb5 Bc6 25. Bxc6 bxc6 26. Re4
h5 27. h3 Nh6 28. g4 hxg4 29. hxg4 Rad8 30. Ref4 Rd1+ 31. Rxd1 Rxd1+ 32. Kb2
Rg1 33. Ra4 Rxg4 34. Ra5 Nf5 35. Nf3 Rf4 36. Ne5 g5 37. Rxa7 Nd4 38. Rd7 c5 39.
Nd3 Rf5 40. Nxc5 Rxc5 41. Rxd4 f5 42. a4 g4 43. b4 Rc8 44. Rd1 g3 45. b5 f4 46.
Rg1 Kf6 47. b6 Ke5 48. a5 Kd6 49. Kc1 Rf8 50. Kd2 f3 51. Rd1 Kc6 52. Ke3 f2 53.
Ra1 0-1

[Event "Abu Dhabi Festival Open"]
[Site "Abu Dhabi UAE"]
[Date "2009.08.20"]
[Round "9"]
[White "Galojan, L."]
[Black "Sturua, Z."]
[Result "1/2-1/2"]
[WhiteElo "2338"]
[BlackElo "2513"]
[PlyCount "36"]
[EventDate "2009.08.12"]
[EventType "swiss"]
[EventRounds "9"]
[EventCountry "UAE"]
[Source "Mark Crowther"]
[SourceDate "2009.08.24"]

1. d4 Nf6 2. c4 e6 3. Nc3 Bb4 4. Qc2 O-O 5. a3 Bxc3+ 6. Qxc3 b6 7. Bg5 Bb7 8.
e3 d6 9. Ne2 Nbd7 10. Qc2 c5 11. Rd1 Qc7 12. Nc3 a6 13. f3 Rfe8 14. Qd2 h6 15.
Bxf6 Nxf6 16. dxc5 dxc5 17. Qd6 Rac8 18. Be2 Qd8 1/2-1/2

[Event "Abu Dhabi Festival Open"]
[Site "Abu Dhabi UAE"]
[Date "2009.08.20"]
[Round "9"]
[White "Laxman, R."]
[Black "Salem, AR."]
[Result "1-0"]
[WhiteElo "2502"]
[BlackElo "2469"]
[PlyCount "94"]
[EventDate "2009.08.12"]
[EventType "swiss"]
[EventRounds "9"]
[EventCountry "UAE"]
[Source "Mark Crowther"]
[SourceDate "2009.08.24"]

1. Nf3 Nf6 2. c4 e6 3. g3 d5 4. d4 c5 5. cxd5 exd5 6. Bg2 Nc6 7. O-O Be7 8.
dxc5 Bxc5 9. a3 a5 10. Bg5 O-O 11. Nc3 d4 12. Ne4 Be7 13. Nxf6+ Bxf6 14. Bxf6
Qxf6 15. Rc1 Be6 16. Ne1 Rad8 17. Nd3 Rfe8 18. Re1 Bg4 19. Qd2 h5 20. h3 Bf5
21. h4 Be4 22. Qf4 Qg6 23. Bxe4 Rxe4 24. Qc7 Rd6 25. Kh2 Qf6 26. Kg2 Rg4 27.
Qxb7 Qe6 28. f3 Rg6 29. Nf4 Qe5 30. Nxg6 Rxg6 31. Qc8+ Kh7 32. Qh3 Ne7 33. Kh2
Nf5 34. Rg1 Qxe2+ 35. Qg2 Qe5 36. Qf2 Ne3 37. b4 axb4 38. axb4 f5 39. Rc5 Qb8
40. b5 Rb6 41. Qe2 Qd6 42. Rgc1 Qb8 43. Qd3 Rg6 44. Rg1 Qa8 45. Rxf5 Kh6 46.
Qxd4 Qa2+ 47. Kh1 Qf2 1-0

[Event "Abu Dhabi Festival Open"]
[Site "Abu Dhabi UAE"]
[Date "2009.08.20"]
[Round "9"]
[White "Saeed, I."]
[Black "Agamaliev, G."]
[Result "1-0"]
[WhiteElo "2188"]
[BlackElo "2490"]
[PlyCount "51"]
[EventDate "2009.08.12"]
[EventType "swiss"]
[EventRounds "9"]
[EventCountry "UAE"]
[Source "Mark Crowther"]
[SourceDate "2009.08.24"]

1. d4 Nf6 2. c4 g6 3. Nc3 Bg7 4. e4 d6 5. f3 O-O 6. Be3 Nbd7 7. Nh3 e5 8. d5
Nh5 9. Qd2 f5 10. O-O-O a5 11. exf5 gxf5 12. Bg5 Nhf6 13. Bd3 Nc5 14. Bc2 Bd7
15. Rhg1 Qe8 16. g4 fxg4 17. fxg4 Nxg4 18. Rg3 Qh5 19. Rdg1 Rf7 20. Bd1 Raf8
21. Qg2 Qg6 22. Bxg4 Bxg4 23. Rxg4 Rf2 24. Bd2 Rxg2 25. R1xg2 Qd3 26. Rxg7+ 1-0